000
00274nam a2200109Ia 4500
008
230411s9999 xx 000 0 und d
041
_a
eng
082
_a
S/610.73677/T.T/B03766
100
_a
Taylor T & Johnson
_9
177915
245
_a
Surgery
999
_c
154578
_d
154578